Sacred places of a lifetime : (Record no. 60686)

MARC details
000 -LEADER
fixed length control field 02387nam a22003497a 4500
005 - DATE AND TIME OF LATEST TRANSACTION
control field 20120111110926.0
010 ## - LCCN (DPL NO)
LC control number B-476493-496
020 ## - INTERNATIONAL STANDARD BOOK NUMBER
International Standard Book Number 9781426203367 (hardcover)
Terms of availability US $ 35.00
020 ## - INTERNATIONAL STANDARD BOOK NUMBER
International Standard Book Number 1426203365 (hardcover)
035 ## - SYSTEM CONTROL NUMBER
System control number B-476493-496
037 ## - SOURCE OF ACQUISITION
Stock number dpl
Source of stock number/acquisition Blue Berry/Ven
082 00 - DEWEY DECIMAL CLASSIFICATION NUMBER
Classification number 203.5
Edition number 22
245 00 - TITLE STATEMENT
Title Sacred places of a lifetime :
Remainder of title 500 of the world's most peaceful and powerful destinations /
Statement of responsibility, etc introduction by Keith Bellows.
246 30 - VARYING FORM OF TITLE
Title proper/short title 500 of the world's most peaceful and powerful destinations
246 3# - VARYING FORM OF TITLE
Title proper/short title Five hundred of the world's most peaceful and powerful destinations
260 ## - PUBLICATION, DISTRIBUTION, ETC. (IMPRINT)
Place of publication, distribution, etc Washington, D.C. :
Name of publisher, distributor, etc National Geographic Society,
Date of publication, distribution, etc c2008.
300 ## - PHYSICAL DESCRIPTION
Extent 399 p. :
Other physical details col. ill., col. maps ;
Dimensions 31 cm.
500 ## - GENERAL NOTE
General note Includes indexes.
505 0# - FORMATTED CONTENTS NOTE
Formatted contents note Sacred landscapes -- Magaliths & mysteries -- Cradles of faith -- Majestic ruins -- Daily devotion -- Shrines -- The pilgrim's way -- Ceremonies & festivals -- In remembrance -- Retreats.
520 ## - SUMMARY, ETC.
Summary, etc A listing of five hundred sites new and old, famous and unknown, that have been used to connect humanity with its gods.
650 #0 - SUBJECT ADDED ENTRY--TOPICAL TERM
Topical term or geographic name as entry element Sacred space.
700 1# - ADDED ENTRY--PERSONAL NAME
Personal name Bellows, Keith.
9 (RLIN) 38863
856 41 - ELECTRONIC LOCATION AND ACCESS
Materials specified Table of contents only
Uniform Resource Identifier http://www.loc.gov/catdir/toc/ecip0818/2008021396.html
906 ## - LOCAL DATA ELEMENT F, LDF (RLIN)
a 7
b cbc
c orignew
d 1
e ecip
f 20
g y-gencatlg
942 ## - ADDED ENTRY ELEMENTS (KOHA)
Source of classification or shelving scheme Dewey Decimal Classification
Item type Children Books
Classification part 203.5
Call number suffix SAC
Holdings
Withdrawn status Lost status Not for loan Collection code Home library Current library Date acquired Source of acquisition Cost, normal purchase price Full call number Barcode Copy number Cost, replacement price Koha item type
    Not For Loan Reference Central Library Central Library 19/09/2012 Blue Berry/IN8278/30.03.2012/43/20.03.2012/30.03.2012 1816.50 203.5 SAC B-476493 1 1816.50 Children Books
    Not For Loan Reference Karol Bagh Karol Bagh 19/09/2012 Blue Berry/IN8278/30.03.2012/43/20.03.2012/30.03.2012 1816.50 203.5 SAC B-476495 1 1816.50 Children Books
    Not For Loan Reference Sarojini Nagar Sarojini Nagar 19/09/2012 Blue Berry/IN8278/30.03.2012/43/20.03.2012/30.03.2012 1816.50 203.5 SAC B-476494 1 1816.50 Children Books
    Not For Loan Reference Shahdara Branch Shahdara Branch 19/09/2012 Blue Berry/IN8278/30.03.2012/43/20.03.2012/30.03.2012 1816.50 203.5 SAC B-476496 1 1816.50 Children Books

© Delhi Public Library
Hit Counter
free hit counter